000 00497nam a2200181Ia 4500
005 20250923144508.0
008 008 250917s9999 xx 000 0 eng d
037 _aTextual
040 _aDSWL
_beng
_cDSWL
041 _aeng
_2eng
084 _qDSWL
100 _aKolarz, Walter
_9825468
245 0 _aPeoples of the Soviet far east
_cby Walter Kolarz
260 _aNew York
_b Frederick A Praeger
_c1954
300 _axii,194p.
942 _cTEXL
999 _c1439642
_d1439642